<?xml version="1.0" encoding="UTF-8"?>
<record
    xmlns:xsi="http://www.w3.org/2001/XMLSchema-instance"
    xsi:schemaLocation="http://www.loc.gov/MARC21/slim http://www.loc.gov/standards/marcxml/schema/MARC21slim.xsd"
    xmlns="http://www.loc.gov/MARC21/slim">

  <leader>01551nam0a2200397   4500</leader>
  <controlfield tag="001">RU\NLR\bibl\942471</controlfield>
  <controlfield tag="005">20260409073318.0</controlfield>
  <datafield tag="010" ind1=" " ind2=" ">
    <subfield code="a">5-353-02215-7</subfield>
    <subfield code="b">&#x440;&#x443;&#x441;.</subfield>
  </datafield>
  <datafield tag="010" ind1=" " ind2=" ">
    <subfield code="a">1-57990-364-9</subfield>
    <subfield code="b">&#x430;&#x43C;&#x435;&#x440;.</subfield>
    <subfield code="9">5000</subfield>
  </datafield>
  <datafield tag="021" ind1=" " ind2=" ">
    <subfield code="a">RU</subfield>
    <subfield code="b">2006-13091</subfield>
    <subfield code="9">644</subfield>
  </datafield>
  <datafield tag="035" ind1=" " ind2=" ">
    <subfield code="a">(nilc)RSL-KNO-002856700</subfield>
  </datafield>
  <datafield tag="035" ind1=" " ind2=" ">
    <subfield code="a">(NLR Aleph) 000930628</subfield>
  </datafield>
  <datafield tag="090" ind1=" " ind2=" ">
    <subfield code="a">157542</subfield>
    <subfield code="c">157542</subfield>
  </datafield>
  <datafield tag="100" ind1=" " ind2=" ">
    <subfield code="a">20060403d2006    |||y0rusy50      ca</subfield>
  </datafield>
  <datafield tag="101" ind1="1" ind2=" ">
    <subfield code="a">rus</subfield>
    <subfield code="c">eng</subfield>
  </datafield>
  <datafield tag="102" ind1=" " ind2=" ">
    <subfield code="a">RU</subfield>
  </datafield>
  <datafield tag="105" ind1=" " ind2=" ">
    <subfield code="a">a   |||||||||</subfield>
  </datafield>
  <datafield tag="106" ind1=" " ind2=" ">
    <subfield code="a">r</subfield>
  </datafield>
  <datafield tag="200" ind1="1" ind2=" ">
    <subfield code="a">&#x413;&#x430;&#x440;&#x43C;&#x43E;&#x43D;&#x438;&#x44F; &#x432; &#x434;&#x43E;&#x43C;&#x435;. 40 &#x441;&#x43F;&#x43E;&#x441;&#x43E;&#x431;&#x43E;&#x432; &#x443;&#x43B;&#x443;&#x447;&#x448;&#x438;&#x442;&#x44C; &#x444;&#x44D;&#x43D;-&#x448;&#x443;&#x439;</subfield>
    <subfield code="f">&#x414;&#x436;&#x435;&#x43D;&#x438;&#x441; &#x418;&#x442;&#x43E;&#x43D; &#x41A;&#x438;&#x43B;&#x431;&#x438;</subfield>
    <subfield code="g">[&#x43F;&#x435;&#x440;. &#x441; &#x430;&#x43D;&#x433;&#x43B;.: &#x415;. &#x411;. &#x41C;&#x430;&#x445;&#x438;&#x44F;&#x43D;&#x43E;&#x432;&#x43E;&#x439;]</subfield>
  </datafield>
  <datafield tag="210" ind1=" " ind2=" ">
    <subfield code="a">&#x41C;&#x43E;&#x441;&#x43A;&#x432;&#x430;</subfield>
    <subfield code="c">&#x420;&#x41E;&#x421;&#x41C;&#x42D;&#x41D;</subfield>
    <subfield code="d">2006</subfield>
    <subfield code="e">&#x41C;.</subfield>
    <subfield code="g">&#x41A;&#x440;&#x430;&#x441;&#x43D;&#x44B;&#x439; &#x43F;&#x440;&#x43E;&#x43B;&#x435;&#x442;&#x430;&#x440;&#x438;&#x439;</subfield>
  </datafield>
  <datafield tag="215" ind1=" " ind2=" ">
    <subfield code="a">160 &#x441;.</subfield>
    <subfield code="c">&#x438;&#x43B;., &#x43F;&#x43E;&#x440;&#x442;&#x440;.</subfield>
    <subfield code="d">26</subfield>
  </datafield>
  <datafield tag="300" ind1=" " ind2=" ">
    <subfield code="a">&#x41D;&#x430; &#x43E;&#x431;&#x43B;. &#x430;&#x432;&#x442;. &#x43D;&#x435; &#x443;&#x43A;&#x430;&#x437;&#x430;&#x43D;</subfield>
  </datafield>
  <datafield tag="320" ind1=" " ind2=" ">
    <subfield code="a">&#x41F;&#x440;&#x435;&#x434;&#x43C;. &#x443;&#x43A;&#x430;&#x437;.: &#x441;. 160</subfield>
  </datafield>
  <datafield tag="517" ind1="0" ind2=" ">
    <subfield code="a">40 &#x441;&#x43F;&#x43E;&#x441;&#x43E;&#x431;&#x43E;&#x432; &#x443;&#x43B;&#x443;&#x447;&#x448;&#x438;&#x442;&#x44C; &#x444;&#x44D;&#x43D;-&#x448;&#x443;&#x439;</subfield>
  </datafield>
  <datafield tag="606" ind1=" " ind2=" ">
    <subfield code="8">rus</subfield>
    <subfield code="a">&#x424;&#x44D;&#x43D;-&#x448;&#x443;&#x439;</subfield>
    <subfield code="7">ca</subfield>
    <subfield code="3">RU\NLR\auth\661259693</subfield>
    <subfield code="9">2083627</subfield>
  </datafield>
  <datafield tag="610" ind1="0" ind2=" ">
    <subfield code="a">&#x420;&#x435;&#x43B;&#x438;&#x433;&#x438;&#x44F; -- &#x412;&#x43D;&#x435;&#x432;&#x435;&#x440;&#x43E;&#x438;&#x441;&#x43F;&#x43E;&#x432;&#x435;&#x434;&#x43D;&#x44B;&#x435; &#x444;&#x43E;&#x440;&#x43C;&#x44B; &#x440;&#x435;&#x43B;&#x438;&#x433;&#x438;&#x438; -- &#x41C;&#x430;&#x43D;&#x442;&#x438;&#x43A;&#x430;. &#x413;&#x430;&#x434;&#x430;&#x43D;&#x438;&#x44F; -- &#x413;&#x435;&#x43E;&#x43C;&#x430;&#x43D;&#x442;&#x438;&#x44F; -- &#x424;&#x44D;&#x43D;-&#x448;&#x443;&#x439;</subfield>
  </datafield>
  <datafield tag="686" ind1=" " ind2=" ">
    <subfield code="a">&#x42D;391.225,0</subfield>
    <subfield code="2">rubbk</subfield>
  </datafield>
  <datafield tag="686" ind1=" " ind2=" ">
    <subfield code="a">&#x42E;3(5&#x41A;&#x438;&#x442;)3</subfield>
  </datafield>
  <datafield tag="686" ind1=" " ind2=" ">
    <subfield code="a">&#x42E;969</subfield>
  </datafield>
  <datafield tag="700" ind1=" " ind2="1">
    <subfield code="a">&#x41A;&#x438;&#x43B;&#x431;&#x438;</subfield>
    <subfield code="b">&#x414;. &#x418;.</subfield>
    <subfield code="g">&#x414;&#x436;&#x435;&#x43D;&#x438;&#x441; &#x418;&#x442;&#x43E;&#x43D;</subfield>
    <subfield code="4">070</subfield>
  </datafield>
  <datafield tag="801" ind1=" " ind2="0">
    <subfield code="a">RU</subfield>
    <subfield code="b">&#x420;&#x41A;&#x41F;</subfield>
    <subfield code="c">20060403</subfield>
    <subfield code="g">rcr</subfield>
  </datafield>
  <datafield tag="801" ind1=" " ind2="1">
    <subfield code="a">RU</subfield>
    <subfield code="b">&#x420;&#x413;&#x411;</subfield>
    <subfield code="c">20060403</subfield>
  </datafield>
  <datafield tag="801" ind1=" " ind2="2">
    <subfield code="a">RU</subfield>
    <subfield code="b">NLR</subfield>
    <subfield code="c">20060503</subfield>
    <subfield code="g">rcr</subfield>
  </datafield>
  <datafield tag="942" ind1=" " ind2=" ">
    <subfield code="c">BOOK</subfield>
  </datafield>
  <datafield tag="980" ind1=" " ind2=" ">
    <subfield code="a">NB</subfield>
  </datafield>
  <datafield tag="995" ind1=" " ind2=" ">
    <subfield code="5">2006-05-03</subfield>
    <subfield code="a">ad</subfield>
    <subfield code="b">NLR01</subfield>
    <subfield code="c">NLR01</subfield>
    <subfield code="e">RF3</subfield>
    <subfield code="f">2181969</subfield>
    <subfield code="k">2006-7/2456</subfield>
    <subfield code="o">0</subfield>
    <subfield code="r">BOOK</subfield>
    <subfield code="s">200672456_</subfield>
  </datafield>
  <datafield tag="995" ind1=" " ind2=" ">
    <subfield code="5">2006-05-03</subfield>
    <subfield code="a">ad</subfield>
    <subfield code="b">NLR01</subfield>
    <subfield code="c">NLR01</subfield>
    <subfield code="e">RF3</subfield>
    <subfield code="f">2181970</subfield>
    <subfield code="k">2006-7/2456</subfield>
    <subfield code="o">0</subfield>
    <subfield code="r">BOOK</subfield>
    <subfield code="s">200672456_</subfield>
  </datafield>
</record>
